000
00199 a2200097 4500
001
828
100
_a
Gington,E.L
245
_a
Microwave measurement
260
_a
_b
Mcgrawhill
_c
090
_c
419
_d
419
942
_a
NUST-CAE
_c
M
_c
30478
999
_c
235901
_d
235901